Action on waste (Record no. 75020)

MARC details
000 -LEADER
fixed length control field 00992cab a2200193 4500
001 - CONTROL NUMBER
control field L129251
008 - FIXED-LENGTH DATA ELEMENTS--GENERAL INFORMATION
fixed length control field 050404n2005 000 0 eng u
035 ## - SYSTEM CONTROL NUMBER
System control number (Sirsi) u129251
041 ## - LANGUAGE CODE
Language code of text/sound track or separate title eng
100 ## - MAIN ENTRY--PERSONAL NAME
Personal name Moon, David
245 ## - TITLE STATEMENT
Title Action on waste
260 ## - PUBLICATION, DISTRIBUTION, ETC.
Date of publication, distribution, etc. 2005
490 ## - SERIES STATEMENT
Series statement RICS Building Control
Volume/sequential designation April 2005, 6-9(4)
520 ## - SUMMARY, ETC.
Summary, etc. Outlines the chances to use recycled materials in buildings in the context of the May 2004 Sustainable Buildings Task Group's recommendation for a minimum requirement for recovered materials in buildings projects. Notes that the Waste and Resources Action Programme has recently published two reference guides for commercial buildings and house building that quantify the opportunities to increase recycled content. These include switching to an alternative design/specification and product substitution.
590 ## - LOCAL NOTE (RLIN)
Local note IKA150405
650 ## - SUBJECT ADDED ENTRY--TOPICAL TERM
Topical term or geographic name entry element BRE GREEN GUIDE TO SPECIFICATION
690 ## - LOCAL SUBJECT ADDED ENTRY--TOPICAL TERM (OCLC, RLIN)
Topical term or geographic name as entry element BUILT ENVIRONMENT-SUSTAINABLE CONSTRUCTION
942 ## - ADDED ENTRY ELEMENTS (KOHA)
Suppress in OPAC 0
Holdings
Withdrawn status Lost status Source of classification or shelving scheme Damaged status Not for loan Home library Current library Shelving location Date acquired Total Checkouts Full call number Barcode Date last seen Copy number Price effective from Koha item type
    Dewey Decimal Classification     London London Journal article 04/04/2005   L129251 129251-1001 06/08/2019 1 06/08/2019 Journal article